Vista normal
Vista MARC
Entrada Materia (personas)
Número de registros utilizados en: 1
001 - CONTROL NUMBER
- control field: 179057
003 - CONTROL NUMBER IDENTIFIER
- control field: Co-BoUCM
005 - DATE AND TIME OF LATEST TRANSACTION
- control field: 20231009102513.0
008 - FIXED-LENGTH DATA ELEMENTS
- fixed length control field: 231009|| aca||aabn | a|a d
040 ## - CATALOGING SOURCE
- Original cataloging agency: Co-BoUCM
- Transcribing agency: Co-BoUCM
100 ## - HEADING--PERSONAL NAME
- Personal name: Marshall, Alice
670 ## - SOURCE DATA FOUND
- Source citation: Work cat.: (Co-BoUCM): Marshall, Alice, Entertainment in the performing arts /, 2022